Normal view
MARC view
- Wright, Thomas
Entry Personal Name
001 - CONTROL NUMBER
- control field: 11582
003 - CONTROL NUMBER IDENTIFIER
- control field: NUST
005 - DATE AND TIME OF LATEST TRANSACTION
- control field: 20180712040542.0
008 - FIXED-LENGTH DATA ELEMENTS
- fixed length control field: 180712|| aca||aabn | a|a d
040 ## - CATALOGING SOURCE
- Original cataloging agency: NUST
- Transcribing agency: NUST
100 ## - HEADING--PERSONAL NAME
- Personal name: Wright, Thomas
- Fuller form of name: (Thomas Edward),
- Dates associated with a name: 1973-
670 ## - SOURCE DATA FOUND
- Source citation: Work cat.: (NUST)0: Ackroyd, Peter, 1949- 11581, The collection /, 2001.
